| 000 | 00474pab a2200169 454500 | ||
|---|---|---|---|
| 008 | 180718b2011 xxu||||| |||| 00| 0 eng d | ||
| 100 | _aKhan, C.G. Hussain | ||
| 245 | _aAge at menopause: Differentials and perceptions of women findings from an ethnographic study in rural North Karnataka | ||
| 260 | _c2011 | ||
| 300 | _ap.497-516. | ||
| 362 | _aJul - Dec | ||
| 650 | _aWomen | ||
| 700 | _aHallad, Jyoti S. | ||
| 773 | _aMan in India | ||
| 908 | _aN | ||
| 909 | _a96137 | ||
| 999 |
_c96137 _d96137 |
||